| 000 | 02335cam a2200481 i 4500 | ||
|---|---|---|---|
| 001 | 1438665774 | ||
| 003 | OCoLC | ||
| 005 | 20250324154606.0 | ||
| 008 | 240611t20252025orua j 6 000 1 eng d | ||
| 020 |
_a9781637156162 _q(hardcover) |
||
| 020 |
_a1637156162 _q(hardcover) |
||
| 035 | _a(OCoLC)1438665774 | ||
| 040 |
_aYDX _beng _erda _cYDX _dBDX _dIG# _dOCLCQ _dJAS _dOCLCO |
||
| 082 | 0 | 4 |
_a741.5973 _223/eng/20250203 |
| 092 |
_ajunior graphic _bNorlund |
||
| 100 | 1 |
_aNorlund, Dina, _eauthor, _eillustrator. _96541284 |
|
| 245 | 1 | 4 |
_aThe snowcat prince / _cDina Norlund. |
| 250 | _aHardcover first edition. | ||
| 264 | 1 |
_aPortland, OR : _bOni Press, _c2025. |
|
| 300 |
_a1 volume (unpaged) : _bcolor illustrations ; _c29 cm. |
||
| 336 | _atext | ||
| 336 | _astill image | ||
| 337 | _aunmediated | ||
| 338 | _avolume | ||
| 520 | _a"Syv is a snowcat and the youngest in a family of princes. When his father dies, Syv and his brothers are all in line for the throne. Eager to become kings themselves and wary of how well-liked Syv has become by the citizens, Syv's brothers send him on a dangerous quest to find the long-lost magical crown that once belonged to their royal ancestor, the Eldking. Legend says that the snowcat who finds the crown will break the curse on their land and bring great honor to the family. But failure could mark Syv with three black stripes, and he'd be banished forever."-- | ||
| 650 | 0 |
_aCats _vComic books, strips, etc. _95686642 |
|
| 650 | 0 |
_aPrinces _vComic books, strips, etc. _95754917 |
|
| 650 | 0 |
_aQuests (Expeditions) _vComic books, strips, etc. _95776032 |
|
| 650 | 0 |
_aMagic _vComic books, strips, etc. _95676300 |
|
| 650 | 0 |
_aCats _vJuvenile fiction. _95674206 |
|
| 650 | 0 |
_aPrinces _vJuvenile fiction. _95675272 |
|
| 650 | 0 |
_aQuests (Expeditions) _vJuvenile fiction. _95675013 |
|
| 650 | 0 |
_aMagic _vJuvenile fiction. _95673690 |
|
| 650 | 1 |
_aCats _vFiction. _95674208 |
|
| 650 | 1 |
_aPrinces _vFiction. _95678712 |
|
| 650 | 1 |
_aQuests (Expeditions) _vFiction. _95676172 |
|
| 650 | 1 |
_aMagic _vFiction. _95673694 |
|
| 655 | 7 |
_aFantasy comics. _2lcgft. |
|
| 655 | 7 |
_aAnimal comics. _2lcgft. _96469374 |
|
| 655 | 7 |
_aGraphic novels. _2lcgft. |
|
| 655 | 7 |
_aBandes dessinées sur les animaux. _2rvmgf _96488983 |
|
| 942 |
_2ddc _cBOOK |
||
| 999 |
_c405849 _d405849 |
||